1995 select commodities and leading firms : imports and exports of the Republic of China on Taiwan.

Bibliographic Details
Corporate Author: China External Trade Development Centre (CETRA)
Format: Book
Published: Taipei: CETRA, 1995.
Subjects:
LEADER 00579cam a2200169 7i4500
001 0000003539
005 19991025090000.0
002 ##000004911
020 0 0 |a T000004419  
090 0 0 |a TAIW 382.025   |b IMP 
245 0 0 |a 1995 select commodities and leading firms :   |b imports and exports of the Republic of China on Taiwan. 
260 0 0 |a Taipei:   |b CETRA,   |c 1995. 
300 0 0 |a 1666p. 
650 0 0 |a Exports  |a Imports --   |x Directories# --   |x Directories  
651 0 0 |a Taiwan  
710 0 0 |a China External Trade Development Centre (CETRA)  
999 |a 0000005161  |b Book  |c Open shelf  |e Business Information Centre